Research methods in cultural anthropology /
| 第一著者: | |
|---|---|
| フォーマット: | 図書 |
| 言語: | English |
| 出版事項: |
Newbury Park, Calif. :
Sage Publications,
c1988.
|
| 主題: | |
| オンライン・アクセス: | Publisher description Table of contents only Contributor biographical information |
| Classic Catalogue: | View this record in Classic Catalogue |
| LEADER | 02063nam a2200325 a 4500 | ||
|---|---|---|---|
| 001 | 40868 | ||
| 003 | BD-DhAAL | ||
| 005 | 20230215111641.0 | ||
| 008 | 230213t1988 caua b 001 0 eng | ||
| 010 | |a 87023735 | ||
| 020 | |a 0803929773 : |c $39.95 | ||
| 020 | |a 9780803929784 | ||
| 020 | |a 0803929781 (pbk.) : |c $19.95 | ||
| 040 | |a DLC |c DLC |d DLC |d BD-DhAAL | ||
| 082 | 0 | 0 | |a 306.072 |2 23 |
| 100 | 1 | |a Bernard, H. Russell |q (Harvey Russell), |d 1940- |9 3597 | |
| 245 | 1 | 0 | |a Research methods in cultural anthropology / |c H. Russell Bernard. |
| 260 | |a Newbury Park, Calif. : |b Sage Publications, |c c1988. | ||
| 300 | |a 520 pages : |b illustrations ; |c 23 cm. | ||
| 504 | |a Includes Bibliographical references(p. 486-503)and indexes. | ||
| 505 | |a PART ONE: PREPARING FOR FIELD RESEARCHAnthropology and Social ScienceThe Foundations of Social ResearchAnthropology and the Experimental MethodSamplingChoosing Research Problems, Sites and MethodsThe Literature Search. PART TWO: COLLECTING DATAParticipant ObservationTaking and Managing Field NotesUnstructured and Semistructured InterviewingStructured InterviewingQuestionnaires and Survey ResearchDirect, Reactive ObservationUnobtrusive Observation. PART THREE: ANALYZING DATAQualitative AnalysisCoding and Codebooks for Quantitative DataUnivariate Statistics Describing a VariableBivariate Analysis Testing RelationshipsMultivariate Analysis. | ||
| 526 | |a Refugee studies unit (RSU), CPJ. | ||
| 541 | |a Development Book Agency |e 40868 | ||
| 650 | 0 | |a Ethnology |x Methodology. | |
| 856 | 4 | 2 | |3 Publisher description |u http://www.loc.gov/catdir/enhancements/fy0654/87023735-d.html |
| 856 | 4 | 1 | |3 Table of contents only |u http://www.loc.gov/catdir/enhancements/fy0654/87023735-t.html |
| 856 | 4 | 2 | |3 Contributor biographical information |u http://www.loc.gov/catdir/enhancements/fy0734/87023735-b.html |
| 942 | |2 ddc |c BK | ||
| 999 | |c 45215 |d 45215 | ||
| 952 | |0 0 |1 0 |2 ddc |4 0 |6 306_072000000000000_BER |7 0 |9 73019 |a CPJ |b CPJ |c RSU |d 2023-01-16 |e Development Book Agency |g 6500.00 |l 0 |o 306.072 BER |p 3030040868 |r 2023-01-16 |t 1 |v 6500.00 |w 2023-01-16 |y BK | ||